000 00779nam a22001937a 4500
999 _c194494
_d194494
005 20221223154159.0
010 _aENG-135931
020 _a9789352870783
_c849.00
035 _aEN-119463
037 _bDBAD/PUB
082 _a338.954
100 _aBabu, M. Suresh
245 _aHastening Slowly:
_bIndia's industrial growth in the era of economic reforms/
_cby M. Suresh Babu and foreword by K.L. Krishna
260 _aTelangana
_bOrient Blackswan private Limited
_c2018
270 _a3-6-752 Himayatnagar, Hyderabad
_bTelangana
_e500029
_mcentraloffice@orientblackswan.com
300 _a xvii,237p.
_c22cm(hbk)
_bList of tables and figures, Abbreviations, Appendices, References, Index
700 _aKrishna, K.L
_eForeword
942 _2ddc
_cEN
_mBAB
_h338.954